[Event "7. Torneo IRT Móstoles 2014"]
[Site "Mostoles ESP"]
[Date "2014.07.16"]
[Round "1.1"]
[White "Aguado Rodriguez, Guillermo"]
[Black "Longa Yauca, Javier"]
[Result "0-1"]
[WhiteElo "1859"]
[BlackElo "2320"]
[PlyCount "70"]
[EventDate "2014.07.16"]
[EventType "swiss"]
[EventRounds "9"]
[EventCountry "ESP"]
[Source "lmi"]
[SourceDate "2014.07.16"]

1. Nf3 c5 2. e4 d6 3. d4 cxd4 4. Nxd4 Nf6 5. Nc3 e6 6. Be3 Be7 7. f3 a6 8. Qd2
Nbd7 9. Nb3 Qc7 10. O-O-O b5 11. h4 Bb7 12. Bd3 Ne5 13. Qf2 O-O 14. Kb1 Rfc8
15. h5 Bc6 16. h6 g6 17. Bd4 b4 18. Bxe5 dxe5 19. Ne2 a5 20. Nd2 Nd7 21. f4
exf4 22. Nxf4 Ne5 23. Rdf1 a4 24. Nc4 a3 25. Qd4 Ra5 26. Nd5 Bxd5 27. Nxa5
Bxa2+ 28. Kxa2 Qxa5 29. b3 Bf8 30. Qf2 Qc7 31. Qf6 Qc3 32. Rb1 Rc5 33. Rh5 Qd2
34. Qd8 Rxc2+ 35. Bxc2 Qxd8 0-1

[Event "7. Torneo IRT Móstoles 2014"]
[Site "Mostoles ESP"]
[Date "2014.07.16"]
[Round "1.3"]
[White "Balsinde Montemayor, Pablo"]
[Black "De La Fuente Gonzalez, Francis"]
[Result "0-1"]
[WhiteElo "1811"]
[BlackElo "2213"]
[PlyCount "50"]
[EventDate "2014.07.16"]
[EventType "swiss"]
[EventRounds "9"]
[EventCountry "ESP"]
[Source "lmi"]
[SourceDate "2014.07.16"]

1. d4 d5 2. c4 c6 3. Nc3 Nf6 4. Bg5 e6 5. cxd5 exd5 6. e3 Be7 7. Bd3 Ne4 8.
Bxe7 Qxe7 9. Qc2 Bf5 10. Nge2 Nd7 11. O-O Ndf6 12. Rae1 O-O 13. f3 Nxc3 14.
Nxc3 Bxd3 15. Qxd3 c5 16. e4 dxe4 17. Nxe4 Rfd8 18. Qb5 cxd4 19. Nxf6+ Qxf6 20.
Qxb7 d3 21. Re7 Qd4+ 22. Kh1 d2 23. Rd1 Rab8 24. Qxa7 Qxa7 25. Rxa7 Rbc8 0-1

[Event "7. Torneo IRT Móstoles 2014"]
[Site "Mostoles ESP"]
[Date "2014.07.16"]
[Round "1.4"]
[White "Moreno Ibanez, Miguel"]
[Black "Hernandez Garcia, Carlos"]
[Result "1-0"]
[WhiteElo "2175"]
[BlackElo "1808"]
[PlyCount "45"]
[EventDate "2014.07.16"]
[EventType "swiss"]
[EventRounds "9"]
[EventCountry "ESP"]
[Source "lmi"]
[SourceDate "2014.07.16"]

1. e4 c5 2. Nf3 d6 3. d4 cxd4 4. Nxd4 Nf6 5. Nc3 a6 6. Bg5 e6 7. f4 Be7 8. Qf3
Qc7 9. O-O-O Nbd7 10. Bd3 b5 11. Rhe1 O-O 12. e5 Bb7 13. Qh3 dxe5 14. fxe5 Nxe5
15. Rxe5 g6 16. Ree1 b4 17. Ne4 Nxe4 18. Bxe7 Nf2 19. Qh4 Nxd3+ 20. Rxd3 Rfe8
21. Bf6 h5 22. Qg5 Kh7 23. Rh3 1-0

[Event "7. Torneo IRT Móstoles 2014"]
[Site "Mostoles ESP"]
[Date "2014.07.16"]
[Round "1.5"]
[White "Medrano Del Val, Julio"]
[Black "Dominguez Alcon, Victor"]
[Result "0-1"]
[WhiteElo "1807"]
[BlackElo "2167"]
[PlyCount "103"]
[EventDate "2014.07.16"]
[EventType "swiss"]
[EventRounds "9"]
[EventCountry "ESP"]
[Source "lmi"]
[SourceDate "2014.07.16"]

1. d4 Nf6 2. c4 g6 3. Nc3 Bg7 4. e4 d6 5. Be2 O-O 6. Nf3 e5 7. dxe5 dxe5 8. O-O
Qe7 9. Qc2 c6 10. b3 a5 11. Na4 Nbd7 12. h3 Nh5 13. Be3 Nf4 14. Rad1 Ne6 15.
Rd2 f5 16. Rfd1 f4 17. Bb6 c5 18. Rd6 Nd4 19. Nxd4 exd4 20. Rd5 Ra6 21. Bxc5
Nxc5 22. Nxc5 Ra8 23. Na4 f3 24. Bf1 fxg2 25. Bxg2 Be6 26. Rb5 Qh4 27. Rd3 Rf7
28. Nc5 Bc8 29. Qe2 Rc7 30. e5 Bf5 31. Ne4 Re8 32. Rxd4 Bxe5 33. Ng3 Qxd4 34.
Qf3 Rd7 35. Kh2 Qf4 36. Rxa5 Qxf3 37. Bxf3 Bxg3+ 38. Kxg3 Be4 39. Bxe4 Rxe4 40.
c5 Rb4 41. Ra8+ Kf7 42. Rc8 Ke6 43. c6 bxc6 44. Rxc6+ Rd6 45. Rc7 h5 46. Rc3
Rbd4 47. Rc8 Rd2 48. Ra8 Rb2 49. f4 Rdd2 50. Ra6+ Kf7 51. Ra7+ Kf6 52. h4 0-1

[Event "7. Torneo IRT Móstoles 2014"]
[Site "Mostoles ESP"]
[Date "2014.07.16"]
[Round "1.6"]
[White "Lopez De Turiso, Jose Angel"]
[Black "Alvarez Gonzalez, Eduardo"]
[Result "1-0"]
[WhiteElo "2165"]
[BlackElo "1797"]
[PlyCount "49"]
[EventDate "2014.07.16"]
[EventType "swiss"]
[EventRounds "9"]
[EventCountry "ESP"]
[Source "lmi"]
[SourceDate "2014.07.16"]

1. Nf3 Nf6 2. c4 e6 3. Nc3 Bb4 4. Qc2 b6 5. g3 Bb7 6. Bg2 O-O 7. O-O Nc6 8. b3
Ne7 9. Bb2 Ng6 10. Rad1 Qe7 11. Rfe1 Ne8 12. e4 Bxc3 13. Qxc3 d6 14. d4 c5 15.
h4 Qc7 16. h5 Ne7 17. h6 cxd4 18. Nxd4 e5 19. Nb5 Qc6 20. hxg7 Kxg7 21. Rxd6
Nxd6 22. Qxe5+ f6 23. Qxe7+ Nf7 24. Nd4 Qc8 25. Nf5+ 1-0

[Event "7. Torneo IRT Móstoles 2014"]
[Site "Mostoles ESP"]
[Date "2014.07.16"]
[Round "1.7"]
[White "Sanchez Naranjo, Jose Manuel"]
[Black "Fernandez Sanchez, Lorenzo"]
[Result "1/2-1/2"]
[WhiteElo "2133"]
[BlackElo "1780"]
[PlyCount "53"]
[EventDate "2014.07.16"]
[EventType "swiss"]
[EventRounds "9"]
[EventCountry "ESP"]
[Source "lmi"]
[SourceDate "2014.07.16"]

1. e4 c6 2. d4 d5 3. exd5 cxd5 4. c4 Nf6 5. Nc3 e6 6. Nf3 Be7 7. Bd3 dxc4 8.
Bxc4 Nbd7 9. O-O O-O 10. Re1 Nb6 11. Bb3 Nbd5 12. Ne5 Bd7 13. Bg5 Bc6 14. Nxc6
bxc6 15. Qf3 Qa5 16. Bd2 Qb6 17. Be3 Bd6 18. Rac1 Rfc8 19. Ne4 Nxe4 20. Qxe4 a5
21. Bc2 g6 22. Ba4 Ra6 23. Re2 Qb4 24. Qc2 Qb8 25. g3 Rb6 26. a3 h5 27. Bd2
1/2-1/2

[Event "7. Torneo IRT Móstoles 2014"]
[Site "Mostoles ESP"]
[Date "2014.07.16"]
[Round "1.9"]
[White "Aziz Ortego, Omar Luis"]
[Black "Rodriguez Bachiller, Luis"]
[Result "1-0"]
[WhiteElo "2116"]
[BlackElo "1767"]
[PlyCount "142"]
[EventDate "2014.07.16"]
[EventType "swiss"]
[EventRounds "9"]
[EventCountry "ESP"]
[Source "lmi"]
[SourceDate "2014.07.16"]

1. d4 Nf6 2. c4 g6 3. Nc3 d5 4. Bg5 c6 5. Nf3 Bg7 6. e3 O-O 7. Rc1 Re8 8. Be2
Qb6 9. b3 Nbd7 10. O-O Qa5 11. Bh4 e5 12. dxe5 Nxe5 13. cxd5 Nxd5 14. Nxd5 cxd5
15. Nd4 Bd7 16. Qe1 Qxe1 17. Rfxe1 Rac8 18. Red1 Rxc1 19. Rxc1 Rc8 20. Rxc8+
Bxc8 21. Kf1 a6 22. Ke1 Nc6 23. Nc2 Bf5 24. Kd2 Kf8 25. Bd3 Be6 26. Ne1 Ne5 27.
Bc2 f5 28. Nd3 Nxd3 29. Kxd3 Kf7 30. f3 Bd7 31. a4 Ke6 32. Bg3 b5 33. Bc7 Bc6
34. g3 Kd7 35. Bb8 Kc8 36. Bf4 Kb7 37. Bd6 Kb6 38. h4 h5 39. Bb4 Be5 40. Be1
Kc5 41. Kd2 bxa4 42. bxa4 Bb7 43. g4 Bc8 44. gxh5 gxh5 45. Bf2 Kd6 46. Kd3 Bf6
47. Bd1 Be6 48. Be1 Bd7 49. e4 dxe4+ 50. fxe4 fxe4+ 51. Kxe4 Be8 52. Kf5 Bd8
53. a5 Kd5 54. Be2 Bd7+ 55. Kg6 Be8+ 56. Kg7 Bb5 57. Bxh5 Ke5 58. Bd1 Bf6+ 59.
Kf8 Kf4 60. h5 Bd3 61. h6 Kg5 62. Bd2+ Kg6 63. Bf3 Bd8 64. Bd5 Kh7 65. Bg8+ Kg6
66. Ke8 Bc7 67. Kd7 Bg3 68. Ke7 Be4 69. Ke6 Bg2 70. Be3 Bb8 71. h7 Kg7 1-0

[Event "7. Torneo IRT Móstoles 2014"]
[Site "Mostoles ESP"]
[Date "2014.07.17"]
[Round "2.1"]
[White "Longa Yauca, Javier"]
[Black "Jordana Vargas, Julio"]
[Result "1-0"]
[WhiteElo "2320"]
[BlackElo "1950"]
[PlyCount "56"]
[EventDate "2014.07.16"]
[EventType "swiss"]
[EventRounds "9"]
[EventCountry "ESP"]
[Source "lmi"]
[SourceDate "2014.07.16"]

1. e4 e6 2. d4 d5 3. Nd2 Nf6 4. e5 Nfd7 5. Bd3 c5 6. c3 Nc6 7. Ne2 Be7 8. O-O
O-O 9. Kh1 f5 10. Nf4 Nb6 11. dxc5 Bxc5 12. Qe2 a5 13. Nf3 Qe7 14. h4 Bd7 15.
g3 Rac8 16. Bd2 a4 17. b4 axb3 18. axb3 Qd8 19. Ng5 Qe8 20. b4 Be7 21. Ngxe6
Bxe6 22. Nxe6 Rf7 23. Nd4 Bf8 24. Rfe1 g6 25. e6 Re7 26. g4 fxg4 27. Qxg4 Bg7
28. Nxc6 bxc6 1-0

[Event "7. Torneo IRT Móstoles 2014"]
[Site "Mostoles ESP"]
[Date "2014.07.17"]
[Round "2.2"]
[White "Martos De La Vega, Alvar"]
[Black "Renteria, Jorge"]
[Result "1/2-1/2"]
[WhiteElo "1956"]
[BlackElo "2304"]
[PlyCount "101"]
[EventDate "2014.07.16"]
[EventType "swiss"]
[EventRounds "9"]
[EventCountry "ESP"]
[Source "lmi"]
[SourceDate "2014.07.16"]

1. d4 Nf6 2. c4 c5 3. d5 b5 4. cxb5 a6 5. bxa6 g6 6. Nc3 Bxa6 7. Nf3 d6 8. g3
Bg7 9. Bg2 O-O 10. Rb1 Nbd7 11. O-O Qa5 12. Bd2 Rfb8 13. Qc2 Ng4 14. h3 Nge5
15. Nxe5 Nxe5 16. b3 Qa3 17. Bc1 Qa5 18. Bd2 Bc8 19. a4 Bf5 20. e4 Bc8 21. f4
Nd7 22. Nb5 Qb6 23. Kh2 Ba6 24. b4 Bxb5 25. axb5 Qxb5 26. bxc5 Qxc5 27. Qxc5
Nxc5 28. Be3 Nb3 29. Rfd1 h5 30. e5 Na5 31. e6 Nc4 32. Rxb8+ Rxb8 33. Ba7 Rb7
34. Rc1 fxe6 35. dxe6 Rxa7 36. Rxc4 Ra2 37. Kh1 Bf6 38. Bd5 Kh7 39. Rc2 Ra4 40.
Bc6 Rd4 41. h4 d5 42. Rc5 Rd1+ 43. Kg2 d4 44. Rd5 Rc1 45. Bb5 Re1 46. Rd7 Rb1
47. Rd5 Kh6 48. Kf3 Rb3+ 49. Kg2 Rc3 50. Bf1 Rc6 51. Ra5 1/2-1/2

[Event "7. Torneo IRT Móstoles 2014"]
[Site "Mostoles ESP"]
[Date "2014.07.17"]
[Round "2.3"]
[White "De La Fuente Gonzalez, Francis"]
[Black "Sotoca Aguado, Jose"]
[Result "1/2-1/2"]
[WhiteElo "2213"]
[BlackElo "1933"]
[PlyCount "95"]
[EventDate "2014.07.16"]
[EventType "swiss"]
[EventRounds "9"]
[EventCountry "ESP"]
[Source "lmi"]
[SourceDate "2014.07.16"]

1. Nf3 Nf6 2. d4 d5 3. Bf4 e6 4. e3 Bd6 5. Ne5 Bxe5 6. dxe5 Nfd7 7. Qg4 Kf8 8.
Nc3 c6 9. Be2 b5 10. a3 a5 11. O-O Na6 12. Rfd1 b4 13. Na4 Nb6 14. axb4 Nxb4
15. c3 Na6 16. e4 Nxa4 17. Rxa4 Nc5 18. Rad4 Nb3 19. R4d3 h5 20. Qf3 Ba6 21.
Re3 Bxe2 22. Rxe2 Rb8 23. exd5 cxd5 24. Be3 Qc7 25. Qf4 h4 26. h3 Rh5 27. Qg4
g6 28. Bg5 Rc8 29. Bxh4 Qc4 30. Qxc4 Rxc4 31. Bf6 Ke8 32. f3 Rf5 33. Re4 Rf4
34. Rxf4 Rxf4 35. Kf2 Ra4 36. Ke3 Ra2 37. Rb1 a4 38. g4 Na5 39. Kd2 Nc4+ 40.
Kc1 Ne3 41. h4 Kf8 42. h5 gxh5 43. gxh5 Kg8 44. Bg5 Nc4 45. f4 Ne3 46. Be7 Kh7
47. Bf8 Nc4 48. h6 1/2-1/2

[Event "7. Torneo IRT Móstoles 2014"]
[Site "Mostoles ESP"]
[Date "2014.07.17"]
[Round "2.4"]
[White "Pinel Mirasierra, Jose Pablo"]
[Black "Moreno Ibanez, Miguel"]
[Result "0-1"]
[WhiteElo "1950"]
[BlackElo "2175"]
[PlyCount "72"]
[EventDate "2014.07.16"]
[EventType "swiss"]
[EventRounds "9"]
[EventCountry "ESP"]
[Source "lmi"]
[SourceDate "2014.07.16"]

1. d4 Nf6 2. Nf3 c5 3. g3 cxd4 4. Nxd4 e5 5. Nb3 d5 6. Bg2 h6 7. c4 Be6 8. cxd5
Bxd5 9. O-O Nc6 10. Nc3 Bxg2 11. Kxg2 Bb4 12. Qxd8+ Rxd8 13. Bd2 Na5 14. Nxa5
Rxd2 15. Nc4 Bxc3 16. bxc3 Rd5 17. Rfd1 O-O 18. Ne3 Rc5 19. c4 b6 20. Rd3 Rfc8
21. f3 Kf8 22. Rad1 g6 23. Kf2 Ke7 24. Nd5+ Nxd5 25. cxd5 Ra5 26. R1d2 Rc4 27.
Rb2 Kd6 28. e4 f5 29. Ke3 fxe4 30. fxe4 Raa4 31. Kf3 Rxe4 32. Rc2 Rec4 33. Rxc4
Rxc4 34. Ra3 a5 35. Rb3 Rb4 36. Rd3 e4+ 0-1

[Event "7. Torneo IRT Móstoles 2014"]
[Site "Mostoles ESP"]
[Date "2014.07.17"]
[Round "2.5"]
[White "Dominguez Alcon, Victor"]
[Black "Campos Palacios, Daniel"]
[Result "1-0"]
[WhiteElo "2167"]
[BlackElo "1917"]
[PlyCount "59"]
[EventDate "2014.07.16"]
[EventType "swiss"]
[EventRounds "9"]
[EventCountry "ESP"]
[Source "lmi"]
[SourceDate "2014.07.16"]

1. e4 c5 2. Nf3 g6 3. d4 Bg7 4. Nc3 Qa5 5. Be3 Nf6 6. Qd2 Nc6 7. d5 Nb4 8. e5
Ng4 9. Bf4 f6 10. e6 dxe6 11. d6 a6 12. h3 e5 13. O-O-O Be6 14. hxg4 O-O-O 15.
g3 Rxd6 16. Qe1 Nc6 17. Rxd6 exd6 18. Bd2 Bxg4 19. Nd5 Qd8 20. Be2 Be6 21. c4
h5 22. Bd3 Bf7 23. Nh4 f5 24. Bc2 Ne7 25. Bg5 Bf8 26. f4 Bxd5 27. cxd5 Rg8 28.
Nxg6 Rxg6 29. Bxf5+ Kb8 30. Bxg6 1-0

[Event "7. Torneo IRT Móstoles 2014"]
[Site "Mostoles ESP"]
[Date "2014.07.17"]
[Round "2.6"]
[White "Alonso Abad, Enrique"]
[Black "Lopez De Turiso, Jose Angel"]
[Result "0-1"]
[WhiteElo "1939"]
[BlackElo "2165"]
[PlyCount "58"]
[EventDate "2014.07.16"]
[EventType "swiss"]
[EventRounds "9"]
[EventCountry "ESP"]
[Source "lmi"]
[SourceDate "2014.07.16"]

1. d4 f5 2. Nf3 Nf6 3. g3 g6 4. Bg2 Bg7 5. O-O O-O 6. c4 d6 7. Nc3 Nc6 8. d5
Ne5 9. Nxe5 dxe5 10. e4 f4 11. b4 g5 12. Bb2 e6 13. Nb5 a6 14. Na3 exd5 15.
cxd5 Ne8 16. Nc4 Qe7 17. Rc1 Nd6 18. gxf4 Rxf4 19. Qc2 Bg4 20. Ne3 Rc8 21. Nxg4
Rxg4 22. Kh1 Rh4 23. Qd3 g4 24. Rc2 Bh6 25. Bc1 Bf4 26. Bxf4 exf4 27. Rg1 Kf8
28. Qc3 f3 29. e5 fxg2+ 0-1

[Event "7. Torneo IRT Móstoles 2014"]
[Site "Mostoles ESP"]
[Date "2014.07.17"]
[Round "2.7"]
[White "Gonzalez Santamartina, Jorge"]
[Black "Aziz Ortego, Omar Luis"]
[Result "1/2-1/2"]
[WhiteElo "1923"]
[BlackElo "2116"]
[PlyCount "109"]
[EventDate "2014.07.16"]
[EventType "swiss"]
[EventRounds "9"]
[EventCountry "ESP"]
[Source "lmi"]
[SourceDate "2014.07.16"]

1. e4 e6 2. d4 d5 3. exd5 exd5 4. Nf3 c5 5. c3 Nf6 6. Bd3 c4 7. Bc2 Bd6 8. Bg5
O-O 9. O-O h6 10. Bh4 Bg4 11. h3 Be6 12. Ne5 Be7 13. f4 Nc6 14. Nd2 Nh7 15.
Nxc6 bxc6 16. Bxe7 Qxe7 17. Bxh7+ Kxh7 18. Qf3 Bf5 19. Rae1 Qd7 20. Re3 a5 21.
b3 c5 22. bxc4 cxd4 23. cxd4 dxc4 24. Nxc4 Qxd4 25. Ne5 f6 26. Nc6 Qc5 27. Kh1
Rfe8 28. Rfe1 Rxe3 29. Rxe3 Qc1+ 30. Kh2 Bg6 31. Ne7 Re8 32. Nd5 Rxe3 33. Qxe3
Qc4 34. Nc3 Bd3 35. Nd1 Qc2 36. Nf2 Bg6 37. a3 a4 38. Ng4 Be4 39. Nf2 f5 40.
Nxe4 fxe4 41. Qd4 Qd3 42. Qe5 e3 43. f5 Qxa3 44. Qe6 Qf8 45. Qxe3 Qxf5 46. Qa3
Qe4 47. Qd6 h5 48. Qc5 Kg6 49. Qd6+ Kf7 50. Qd7+ Kf6 51. Qd6+ Kg5 52. Qd8+ Kh6
53. h4 Kh7 54. Qg5 Qg6 55. Qe7 1/2-1/2

[Event "7. Torneo IRT Móstoles 2014"]
[Site "Mostoles ESP"]
[Date "2014.07.17"]
[Round "2.8"]
[White "Martin Rodriguez, Emilio"]
[Black "Marques Moro, Jose A"]
[Result "1-0"]
[WhiteElo "2087"]
[BlackElo "1896"]
[PlyCount "75"]
[EventDate "2014.07.16"]
[EventType "swiss"]
[EventRounds "9"]
[EventCountry "ESP"]
[Source "lmi"]
[SourceDate "2014.07.16"]

1. d4 Nf6 2. c4 e6 3. Nc3 Bb4 4. a3 Bxc3+ 5. bxc3 b6 6. Nf3 Bb7 7. e3 O-O 8.
Bd3 d6 9. O-O Nbd7 10. Nd2 e5 11. f3 Re8 12. e4 Nf8 13. Re1 Ne6 14. Nb3 Qe7 15.
Be3 c5 16. d5 Nf4 17. Bf1 Bc8 18. Qd2 Ng6 19. Nc1 Nh5 20. g3 f5 21. exf5 Nf8
22. g4 Nf6 23. Nd3 g6 24. fxg6 Nxg6 25. Bg5 Qf7 26. h3 h5 27. Nf2 Bd7 28. Bd3
hxg4 29. Bxf6 Qxf6 30. Qh6 Bf5 31. Nxg4 Qf8 32. Qxf8+ Rxf8 33. Bxf5 Nh4 34. Be4
Nxf3+ 35. Bxf3 Rxf3 36. Re3 Rf4 37. Rg3 Rxc4 38. Nxe5+ 1-0

[Event "7. Torneo IRT Móstoles 2014"]
[Site "Mostoles ESP"]
[Date "2014.07.17"]
[Round "2.9"]
[White "Caballero Gallego, Luis"]
[Black "Cardenas Serrano, Sergio"]
[Result "0-1"]
[WhiteElo "1916"]
[BlackElo "2073"]
[PlyCount "142"]
[EventDate "2014.07.16"]
[EventType "swiss"]
[EventRounds "9"]
[EventCountry "ESP"]
[Source "lmi"]
[SourceDate "2014.07.16"]

1. b3 e5 2. Bb2 Nc6 3. e3 Nf6 4. Bb5 d6 5. d4 exd4 6. Qxd4 Bd7 7. Bxc6 Bxc6 8.
Nf3 Qd7 9. Nc3 Qg4 10. Qxg4 Nxg4 11. e4 Nf6 12. O-O-O O-O-O 13. Ng5 Be8 14. Nd5
Ng4 15. Rd2 c6 16. Nf4 Ne5 17. Rhd1 Be7 18. Ngh3 Bd7 19. Nd3 Bxh3 20. Nxe5 dxe5
21. Rxd8+ Rxd8 22. Rxd8+ Bxd8 23. gxh3 Bg5+ 24. Kd1 Bf4 25. Ba3 Bxh2 26. Bf8 g6
27. Bh6 Kd7 28. Ke2 Ke6 29. c4 Bf4 30. Bf8 a6 31. Bc5 Bg5 32. Bb6 Be7 33. Be3
b5 34. a4 bxa4 35. bxa4 Ba3 36. Bh6 Bc5 37. Bd2 Bd4 38. Bh6 Kd6 39. Bf8+ Kc7
40. f3 Kb6 41. Bb4 Bc5 42. Bc3 Bd6 43. Kd3 f6 44. Bd2 Ba3 45. Bc3 Bc1 46. Bb4
Bb2 47. Bd2 Bd4 48. Bb4 f5 49. Bd2 Kc5 50. Ba5 fxe4+ 51. fxe4 h5 52. Bd2 Bf2
53. Kc3 Bg1 54. Bg5 Bd4+ 55. Kb3 Bf2 56. Bd8 Be3 57. Kc3 g5 58. Be7+ Kb6 59.
Bd8+ Kb7 60. Kb4 g4 61. Bf6 g3 62. Bxe5 g2 63. Bh2 g1=Q 64. Bxg1 Bxg1 65. e5
Bh2 66. e6 Bd6+ 67. Ka5 Be7 68. c5 Bxc5 69. h4 Bb6+ 70. Kb4 Bd8 71. Kc5 Be7+
0-1

[Event "7. Torneo IRT Móstoles 2014"]
[Site "Mostoles ESP"]
[Date "2014.07.17"]
[Round "2.10"]
[White "Cabanas Bravo, Juan Andres"]
[Black "Sanz Varea, Jose M"]
[Result "1/2-1/2"]
[WhiteElo "2064"]
[BlackElo "1892"]
[PlyCount "95"]
[EventDate "2014.07.16"]
[EventType "swiss"]
[EventRounds "9"]
[EventCountry "ESP"]
[Source "lmi"]
[SourceDate "2014.07.16"]

1. e4 e6 2. d4 d5 3. Nc3 Nf6 4. e5 Nfd7 5. Qg4 Nc6 6. Be3 Nb6 7. f4 Ne7 8. Bd3
Nc4 9. Bxc4 dxc4 10. O-O-O Nd5 11. Bd2 Bd7 12. Nge2 b5 13. Ne4 b4 14. Nc5 a5
15. c3 g6 16. Qf3 Rb8 17. Ng3 a4 18. cxb4 Nxb4 19. Bxb4 Rxb4 20. Nge4 Be7 21.
Qc3 Rb6 22. Qxc4 Bc6 23. Rhe1 Qa8 24. Nc3 O-O 25. N3xa4 Bd5 26. Qc2 Rc6 27. b4
Rb8 28. a3 Bxg2 29. Kb2 Bd5 30. Nc3 Rcb6 31. Nxd5 Qxd5 32. Qc3 Rc6 33. Rd2 Kg7
34. Qb3 Bxc5 35. Qxd5 exd5 36. dxc5 Rxc5 37. e6 fxe6 38. Rxe6 Rc4 39. Rxd5 Rxf4
40. Rd7+ Kh6 41. Rxc7 Rf2+ 42. Rc2 Rf3 43. Re7 Ra8 44. Rcc7 Raxa3 45. Rxh7+ Kg5
46. h4+ Kg4 47. Rc4+ Kg3 48. Rg7 1/2-1/2

[Event "7. Torneo IRT Móstoles 2014"]
[Site "Mostoles ESP"]
[Date "2014.07.18"]
[Round "3.1"]
[White "Lopez De Turiso, Jose Angel"]
[Black "Longa Yauca, Javier"]
[Result "0-1"]
[WhiteElo "2165"]
[BlackElo "2320"]
[PlyCount "88"]
[EventDate "2014.07.16"]
[EventType "swiss"]
[EventRounds "9"]
[EventCountry "ESP"]
[Source "lmi"]
[SourceDate "2014.07.16"]

1. d4 Nf6 2. c4 e6 3. Bg5 c5 4. d5 h6 5. Bh4 Qb6 6. Bxf6 gxf6 7. Qd2 f5 8. Nc3
Bg7 9. e3 O-O 10. Bd3 d6 11. Nge2 Nd7 12. f4 Nf6 13. Ng3 Bd7 14. O-O Rfe8 15.
e4 exd5 16. exd5 Ne4 17. Bxe4 fxe4 18. Ngxe4 f5 19. Nf2 Qb4 20. Qd3 Qxb2 21.
Nb5 Re2 22. Rab1 Qc2 23. Qxc2 Rxc2 24. Nxd6 b6 25. Nd3 Bf8 26. Nb5 Rxc4 27. Ne5
Bxb5 28. Rxb5 Rd4 29. Rb3 Rxd5 30. Rg3+ Kh7 31. a4 Re8 32. a5 b5 33. a6 c4 34.
h4 Re6 35. Ra1 Bg7 36. Ra5 Rc5 37. Rc3 Bxe5 38. fxe5 Rexe5 39. Rg3 c3 40. Ra1
c2 41. Rc1 Red5 42. Rf3 Rd1+ 43. Rf1 Rxc1 44. Rxc1 b4 0-1

[Event "7. Torneo IRT Móstoles 2014"]
[Site "Mostoles ESP"]
[Date "2014.07.18"]
[Round "3.2"]
[White "Moreno Ibanez, Miguel"]
[Black "Martin Rodriguez, Emilio"]
[Result "1-0"]
[WhiteElo "2175"]
[BlackElo "2087"]
[PlyCount "98"]
[EventDate "2014.07.16"]
[EventType "swiss"]
[EventRounds "9"]
[EventCountry "ESP"]
[Source "lmi"]
[SourceDate "2014.07.16"]

1. e4 c6 2. d4 d5 3. e5 c5 4. dxc5 e6 5. Nf3 Bxc5 6. Bd3 Ne7 7. O-O Ng6 8. Nbd2
Nc6 9. Nb3 Bb6 10. Re1 Bd7 11. c3 O-O 12. Be3 Bxe3 13. Rxe3 f5 14. exf6 Qxf6
15. Bxg6 Qxg6 16. Nc5 Bc8 17. Qe2 b6 18. Nb3 Bd7 19. Nbd4 Nxd4 20. Nxd4 Rae8
21. Re1 Rf6 22. Re5 Qf7 23. g3 h6 24. f4 Bc8 25. f5 Rf8 26. fxe6 Qe7 27. Re3 a6
28. Rf3 Rxf3 29. Nxf3 d4 30. Nxd4 Bb7 31. Rf1 g6 32. Rxf8+ Kxf8 33. Qe5 Kg8 34.
h4 h5 35. Kf2 b5 36. b4 Bh1 37. Ke3 Bb7 38. Qg5 Qe8 39. Qf6 Bd5 40. a3 Kh7 41.
Qe5 Bc4 42. Nf3 Qe7 43. Ng5+ Kg8 44. Qb8+ Kg7 45. Qe5+ Kg8 46. Qc5 Qd8 47. Qe5
Qe7 48. Kf2 Qa7+ 49. Qc5 Qg7 1-0

[Event "7. Torneo IRT Móstoles 2014"]
[Site "Mostoles ESP"]
[Date "2014.07.18"]
[Round "3.3"]
[White "Cardenas Serrano, Sergio"]
[Black "Dominguez Alcon, Victor"]
[Result "1-0"]
[WhiteElo "2073"]
[BlackElo "2167"]
[PlyCount "107"]
[EventDate "2014.07.16"]
[EventType "swiss"]
[EventRounds "9"]
[EventCountry "ESP"]
[Source "lmi"]
[SourceDate "2014.07.16"]

1. e4 c5 2. Nc3 Nc6 3. f4 g6 4. Nf3 Bg7 5. Bb5 Nd4 6. O-O Nxb5 7. Nxb5 d5 8.
exd5 a6 9. Nc3 Nf6 10. d4 c4 11. Qe2 b5 12. Ne5 Bb7 13. f5 O-O 14. fxg6 hxg6
15. Bg5 Bxd5 16. Nxd5 Qxd5 17. c3 Rae8 18. Rae1 Nd7 19. Nxd7 Qxd7 20. Bxe7 f5
21. Qe6+ Qxe6 22. Rxe6 Kf7 23. Rfe1 Rh8 24. d5 Bf8 25. Bxf8 Rxe6 26. Rxe6 Rxf8
27. Rxa6 Rd8 28. d6 Ke6 29. Kf2 g5 30. Rb6 Rd7 31. Ke3 Rh7 32. h3 Rh4 33. Rxb5
Re4+ 34. Kd2 Rf4 35. Ke2 Kxd6 36. g3 Re4+ 37. Kf3 Ke6 38. Rb4 Kd5 39. a4 Re1
40. Rb5+ Ke6 41. a5 Ra1 42. h4 gxh4 43. gxh4 Rf1+ 44. Kg2 Ra1 45. Rb6+ Kf7 46.
a6 Ra5 47. Kg3 Kg7 48. Kf4 Kf7 49. h5 Kg7 50. h6+ Kh7 51. Kg5 f4+ 52. Kxf4 Kg8
53. Ke4 Rb5 54. Rxb5 1-0

[Event "7. Torneo IRT Móstoles 2014"]
[Site "Mostoles ESP"]
[Date "2014.07.18"]
[Round "3.4"]
[White "Lopez Gomez, Miguel"]
[Black "Renteria, Jorge"]
[Result "0-1"]
[WhiteElo "2024"]
[BlackElo "2304"]
[PlyCount "88"]
[EventDate "2014.07.16"]
[EventType "swiss"]
[EventRounds "9"]
[EventCountry "ESP"]
[Source "lmi"]
[SourceDate "2014.07.16"]

1. d4 d6 2. Nf3 Bg4 3. e3 Nd7 4. c4 c6 5. Nc3 Ngf6 6. Be2 e5 7. Qc2 Be7 8. O-O
O-O 9. Rd1 Qc7 10. b3 Rfe8 11. Ba3 a5 12. dxe5 dxe5 13. Bxe7 Rxe7 14. Nh4 Bxe2
15. Qxe2 g6 16. Nf3 e4 17. Nd4 Qe5 18. Rd2 Nc5 19. Rad1 h5 20. h3 Rae8 21. a3
Nxb3 22. Nxb3 Qxc3 23. Nd4 Qxa3 24. Ra2 Qb4 25. Rb2 Qc5 26. Rdb1 Qa7 27. Rb6 a4
28. Qb2 a3 29. Qa2 Rd7 30. R6b3 Ra8 31. Nc2 Rd2 32. Rxb7 Qc5 33. Rb8+ Rxb8 34.
Rxb8+ Kg7 35. Rb1 Qf5 36. Rf1 Qd7 37. Qb1 Qd3 38. Nd4 c5 39. Nb5 a2 40. Qa1
Qxc4 41. Nc7 Qa4 42. Qc3 Rd3 43. Qb2 Rd1 44. Ne8+ Kf8 0-1

[Event "7. Torneo IRT Móstoles 2014"]
[Site "Mostoles ESP"]
[Date "2014.07.18"]
[Round "3.5"]
[White "Sanz Varea, Jose M"]
[Black "De La Fuente Gonzalez, Francis"]
[Result "1/2-1/2"]
[WhiteElo "1892"]
[BlackElo "2213"]
[PlyCount "87"]
[EventDate "2014.07.16"]
[EventType "swiss"]
[EventRounds "9"]
[EventCountry "ESP"]
[Source "lmi"]
[SourceDate "2014.07.16"]

1. c4 c5 2. e4 Nc6 3. Nc3 g6 4. g3 Bg7 5. Bg2 d6 6. Nge2 Bg4 7. h3 Bd7 8. d3
Nd4 9. Be3 e6 10. Qd2 Ne7 11. Bg5 h6 12. Be3 Nec6 13. Nb5 Nxb5 14. cxb5 Nd4 15.
Bxd4 cxd4 16. Qb4 Qb6 17. a4 O-O 18. O-O a6 19. Rfc1 Rfc8 20. a5 Qxb5 21. Qxd6
e5 22. f4 Rc6 23. Qd5 Rac8 24. Qxb5 Rxc1+ 25. Rxc1 Rxc1+ 26. Nxc1 Bxb5 27. Kf2
f6 28. Ke2 Bf8 29. Na2 Ba4 30. Bf3 Bd6 31. fxe5 fxe5 32. Bg4 Kf7 33. Bc8 Bc6
34. Kd2 Ke7 35. Kc2 Kd8 36. Be6 Bb5 37. Bf7 g5 38. b4 Bd7 39. g4 Ba4+ 40. Bb3
Be8 41. Bd5 Ba4+ 42. Bb3 Bb5 43. Bd5 Ba4+ 44. Bb3 1/2-1/2